000 01016nam a2200277Ia 4500
003 OSt
005 20221005111558.0
006 a|||||r|||| 00| 0
007 ta
008 221004b |||||||| |||| 00| 0 hin d
020 _a9788190553476 (hbk)
_cINR 500.00
024 _a37592
037 _b63, 13/03/2018, P. K. Books
_cTextual
040 _aCRL
_cCRL
_bhin
041 _2hin
_ahin
082 _aO152,6x, Q7
100 _aभगवान सिंह, ले.
245 0 _aइतिहास का वर्तमान आज के सरोकार
246 _aItihās kā vartamān āj ke sarokāra
260 _aनई दिल्ली
_bस्वराज प्रकाशन भारत
_c2017
300 _a284पृ0
_ccm.
650 _a हिन्दी साहित्य
650 _aहिन्दी निबंध
942 _hO152,6x, Q7
_cTEXL
_2cc
999 _c1022233
_d1022233